| 000 | 00633pam a2200217 a 4500 | ||
|---|---|---|---|
| 001 | 616185 | ||
| 005 | 20170731100720.0 | ||
| 008 | 920824s1994 enkab b 001 0 eng | ||
| 020 | _a0582301548 | ||
| 040 | _cPK-LaUMT | ||
| 082 | 0 | 0 |
_a711.409 _220 _bMOR-H |
| 100 | 1 | _aMorris, A. E. J. | |
| 245 | 1 | 0 |
_aHistory of urban form : _bbefore the industrial revolutions / _cA.E.J. Morris |
| 250 | _a3rd ed. | ||
| 260 |
_aLondon : _bRoutledge, _c1994. |
||
| 300 |
_axii, 444 p. : _bill. maps ; _c25 cm. |
||
| 650 | 0 |
_aCity planning _xHistory. |
|
| 650 | 0 | _aCities and towns, Ancient. | |
| 650 | 0 | _aCities and towns, Medieval. | |
| 942 | _cBK | ||
| 999 |
_c95949 _d95949 |
||